Home Print Resources E-Books E-Journals IIMT Lecture Series Library Membership Form Book Recommendation Form Campus Tour Take AdmissionAbout Us Contact Us

CELL AND MOLECULAR BIOLOGY (Record no. 49739)

000 -LEADER
fixed length control field 00385nam a22001577a 4500
003 - CONTROL NUMBER IDENTIFIER
control field OSt
005 - DATE AND TIME OF LATEST TRANSACTION
control field 20240307095813.0
008 - FIXED-LENGTH DATA ELEMENTS--GENERAL INFORMATION
fixed length control field 200220b xxu||||| |||| 00| 0 eng d
020 ## - INTERNATIONAL STANDARD BOOK NUMBER
International Standard Book Number ‎ 978-8126113569
040 ## - CATALOGING SOURCE
Transcribing agency IIMT UNIVERSITY
100 ## - MAIN ENTRY--PERSONAL NAME
Personal name RAJAN, SUNDARA S
245 ## - TITLE STATEMENT
Title CELL AND MOLECULAR BIOLOGY
260 ## - PUBLICATION, DISTRIBUTION, ETC.
Place of publication, distribution, etc. NEW DELHI
Name of publisher, distributor, etc. ANMOL PUB.
Date of publication, distribution, etc. 2007
300 ## - PHYSICAL DESCRIPTION
Extent 432
942 ## - ADDED ENTRY ELEMENTS (KOHA)
Source of classification or shelving scheme
Koha item type Book Bank
Holdings
Withdrawn status Lost status Source of classification or shelving scheme Damaged status Not for loan Home library Current library Date acquired Coded location qualifier Cost, normal purchase price Inventory number Barcode Date last seen Uniform Resource Identifier Price effective from Koha item type
          IIMT University Central Library Meerut IIMT University Central Library Meerut 11/26/2025 BIOTECH 300.00 IN-4544/03/08/2016 01-B-108848 02/20/2020 BIOLOGY 02/20/2020 Book Bank
          IIMT University Central Library Meerut IIMT University Central Library Meerut 11/26/2025 BIOTECH 300.00 IN-4544/03/08/2016 01-B-108849 02/20/2020 BIOLOGY 02/20/2020 Book Bank
          IIMT University Central Library Meerut IIMT University Central Library Meerut 01/15/2024 BIOTECH 300.00 IN-4544/03/08/2016 01-B-108850 02/20/2020 BIOLOGY 02/20/2020 Reference Book
IIMT, Central Library. All Rights Reserved IIMT,UNIVERSITY © 2023
Implemented and Customised by I CLOUDE EMS
You Are OPAC Visitor No
free web counter

Powered by Koha